MARC details
| 000 -CABECERA |
| campo de control de longitud fija |
00990nam a2200205 a 4500 |
| 001 - NÚMERO DE CONTROL |
| campo de control |
000041933 |
| 005 - FECHA Y HORA DE LA ÚLTIMA TRANSACCIÓN |
| campo de control |
20201002035835.0 |
| 008 - DATOS DE LONGITUD FIJA--INFORMACIÓN GENERAL |
| campo de control de longitud fija |
131023s2003 sp 000 0 spa d |
| 020 ## - NÚMERO INTERNACIONAL ESTÁNDAR DEL LIBRO |
| Número Internacional Estándar del Libro |
840008151X |
| 040 ## - FUENTE DE LA CATALOGACIÓN |
| Centro catalogador/agencia de origen |
DO-SdBNP |
| 245 #0 - MENCIÓN DE TÍTULO |
| Título |
Vida y obra del Rvdmo. P. M. Fray Martín Sarmiento (1695-1772) : |
| Resto del título |
sacada a la letra de un manuscrito anónimo de S. XVIII / |
| Mención de responsabilidad, etc. |
edición de Isidro García Tato y Felipe Valdés Hansen ; prólogo, Eduardo Pardo de Guevara y Valdés. |
| 260 ## - PUBLICACIÓN, DISTRIBUCIÓN, ETC. |
| Lugar de publicación, distribución, etc. |
Santiago de Compostela : |
| Nombre del editor, distribuidor, etc. |
Instituto de Estudios Gallegos "Padre Sarmiento", |
| Fecha de publicación, distribución, etc. |
2003.a. |
| 300 ## - DESCRIPCIÓN FÍSICA |
| Extensión |
XXXVIII, 352 p. : |
| Otras características físicas |
il. ; |
| Dimensiones |
25 cm. |
| 504 ## - NOTA DE BIBLIOGRAFÍA, ETC. |
| Nota de bibliografía, etc. |
Incluye referencias bibliográficas y notas al pie de las páginas |
| 500 ## - NOTA GENERAL |
| Nota general |
Incluye índice |
| 700 1# - PUNTO DE ACCESO ADICIONAL--NOMBRE DE PERSONA |
| Nombre de persona |
Guevara y Valdés, Eduardo Pardo |
| Término indicativo de función/relación |
pról. |
| 9 (RLIN) |
68840 |
| 700 1# - PUNTO DE ACCESO ADICIONAL--NOMBRE DE PERSONA |
| Nombre de persona |
García Tato, Isidro, |
| Término indicativo de función/relación |
ed. |
| 9 (RLIN) |
68500 |
| 700 1# - PUNTO DE ACCESO ADICIONAL--NOMBRE DE PERSONA |
| Nombre de persona |
Valdés Hansen, Felipe |
| Fechas asociadas al nombre |
1975- |
| Término indicativo de función/relación |
ed. |
| 9 (RLIN) |
68841 |
| 710 2# - PUNTO DE ACCESO ADICIONAL--NOMBRE DE ENTIDAD CORPORATIVA |
| Nombre de entidad corporativa o nombre de jurisdicción como elemento de entrada |
Instituto Padre Sarmiento de Estudios Gallegos (Santiago de Compostela), |
| 9 (RLIN) |
68842 |